000 00209 a2200097 4500
001 1469
100 _aJennings, R.F
245 _aGao & AC are welding & cutting
260 _a
_bMcknight
_c
090 _c1012
_d1012
942 _aNUST-CAE
_cM
_c137
999 _c236542
_d236542